Ohio's original 13 counties - Statistics

General Stats
  • This quiz has been taken 12 times
  • The average score is 6 of 13
Answer Stats
Answer Year Formed Current State % Correct
Washington 1788 OH
90%
Hamilton 1790 OH
80%
Adams 1797 OH
60%
Belmont 1801 OH
60%
Jefferson 1797 OH
60%
Clermont 1800 OH
50%
Wayne 1796 MI
50%
Ross 1798 OH
30%
Trumbull 1800 OH
30%
Fairfield 1800 OH
20%
Knox 1790 IN
10%
Randolph 1795 IL
10%
St. Clair 1790 IL
0%
No matching quizzes found
Score Distribution
Percent of People with Each Score
Percentile by Number Answered
Your Score History
You have not taken this quiz